|
|
|
|
| LEADER |
01409nam a2200385Ia 4500 |
| 001 |
EBC1193595 |
| 003 |
MiAaPQ |
| 005 |
20200520144314.0 |
| 006 |
m o d | |
| 007 |
cr cn||||||||| |
| 008 |
090113s2008 njua sb 001 0 eng d |
| 010 |
|
|
|z 2009286026
|
| 020 |
|
|
|z 9789812772183
|
| 020 |
|
|
|z 9812772189
|
| 020 |
|
|
|a 9789812772190 (electronic bk.)
|
| 035 |
|
|
|a (MiAaPQ)EBC1193595
|
| 035 |
|
|
|a (Au-PeEL)EBL1193595
|
| 035 |
|
|
|a (CaPaEBR)ebr10688051
|
| 035 |
|
|
|a (CaONFJC)MIL498372
|
| 035 |
|
|
|a (OCoLC)820944418
|
| 040 |
|
|
|a MiAaPQ
|c MiAaPQ
|d MiAaPQ
|
| 050 |
|
4 |
|a HF5415.153
|b .C74 2008
|
| 082 |
0 |
4 |
|a 658.8
|2 22
|
| 245 |
0 |
0 |
|a Creative marketing for new product and new business development
|h [electronic resource] /
|c editors, Akira Ishikawa, Atsushi Tsujimoto.
|
| 260 |
|
|
|a Hackensack, NJ :
|b World Scientific,
|c c2008.
|
| 300 |
|
|
|a xvi, 320 p. :
|b ill.
|
| 504 |
|
|
|a Includes bibliographical references and index.
|
| 533 |
|
|
|a Electronic reproduction. Ann Arbor, MI : ProQuest, 2015. Available via World Wide Web. Access may be limited to ProQuest affiliated libraries.
|
| 650 |
|
0 |
|a New products.
|
| 650 |
|
0 |
|a New business enterprises.
|
| 655 |
|
4 |
|a Electronic books.
|
| 700 |
1 |
|
|a Ishikawa, Akira,
|d 1934-
|
| 700 |
1 |
|
|a Tsujimoto, Atsushi.
|
| 710 |
2 |
|
|a ProQuest (Firm)
|
| 856 |
4 |
0 |
|u https://ebookcentral.proquest.com/lib/matrademy/detail.action?docID=1193595
|z Click to View
|